LEADER 01412nam a2200349 a 4500 001 000000136700 003 CaOOAMICUS 005 20131204145627.0 008 131204s1981 it a u000 u ita r 020 $a88-7018-011-5 040 $aPUL$bita 041 1 $aita$agrc$hgrc 100 0 $aAristoteles,$d384-322 a.C.$0(OLS)http://pul/name/792 240 10$aProblemata.$lItaliano e greco.$0(OLS)http://pul/title/173053 245 14$aLa "melanconia" dell'uomo di genio /$cAristotele ; a cura di Carlo Angelino ed Enrica Salvaneschi . 260 $aGenova :$bIl Melangolo,$c©1981. 300 $a52 p. ;$c21 cm. 490 1 $aOpuscola ;$v07 546 $aTesto greco a fronte. 700 1 $aSalvaneschi, Enrica.$0(OLS)http://pul/name/61728 700 1 $aAngelino, Carlo.$0(OLS)http://pul/name/38744 830 0$aOpuscola ;$v07.$0(OLS)http://pul/title/16508 850 $aPUL 852 $aPUL$W1$xDP1 Fondo E. Rossi$y115$m2 G 12$j157449$a3. rist. del 1992$qFondi$B156919$CPULBib$Z2$F156919 $82 900 $aAristotle,$d 384-322 a.C.$9792 900 $aAristotele,$d384-322 a.C.$9792 941 1 $a1 961 $aSul dorso collocazione ms. di E. Rossi: CL 6 4 996 $6020$a88-7018-011-5$9(OLS)http://pul/number/154129 996 $6245$aLa "melanconia" dell'uomo di genio$9(OLS)http://pul/title/173054 996 $6260$aGenova :$bIl Melangolo$9(OLS)http://pul/publisher/48888 LEADER 01866nam a2200349 a 4500 001 000000139670 003 CaOOAMICUS 005 20140909144344.0 008 140909s2006 vc a u000 u lat r 020 $a88-210-0785-5 040 $aPUL$bita 041 1 $alat$aita 110 2 $aBiblioteca apostolica vaticana.$0(OLS)http://pul/name/211 245 10$aIndex, seu Inventarium Bibliothecae Vaticanae divi Leonis pontificis optimi :$banno 1518 C., series Graeca /$ccurantibus Mark L. Sosower, Donald F. Jackson, Antonio Manfredi. 260 $aCittą del Vaticano :$bBiblioteca Apostolica Vaticana,$c2006. 300 $aLXXV, 199 p. :$bill. ;$c25 cm 490 1 $aStudi e testi ;$v427 490 1 $aStudi e documenti sulla formazione della Biblioteca apostolica vaticana ;$v05 546 $aIntroduzione in italiano. 610 24$aBiblioteca apostolica vaticana$xManoscritti$xCataloghi.$0(OLS)http://pul/subject/15590 700 1 $aSosower, Mark L.$0(OLS)http://pul/name/90042 700 1 $aJackson, Donald F.$0(OLS)http://pul/name/90043 700 1 $aManfredi, Antonio,$d1961-$0(OLS)http://pul/name/22065 830 0$aStudi e testi (Biblioteca apostolica vaticana) ;$v427.$0(OLS)http://pul/title/1077 830 0$aStudi e documenti sulla formazione della Biblioteca apostolica vaticana ;$v05.$0(OLS)http://pul/title/36873 850 $aPUL 852 $aPUL$W1$xDP1 Cons. Gen., Altre Classi 1$y22$m158 F 427$j161302$qStampati$B160771$CPULBib$Z2$F160771 $H124627 $82 941 1 $a8 996 $6020$a88-210-0785-5$9(OLS)http://pul/number/155984 996 $6245$aIndex, seu Inventarium Bibliothecae Vaticanae divi Leonis pontificis optimi :$banno 1518 C., series Graeca$9(OLS)http://pul/title/176815 996 $6260$aCittą del Vaticano :$bBiblioteca Apostolica Vaticana$9(OLS)http://pul/publisher/48729